| 000 -LEADER |
| fixed length control field |
03089cam a22004814a 4500 |
| 001 - CONTROL NUMBER |
| control field |
6700122 |
| 003 - CONTROL NUMBER IDENTIFIER |
| control field |
OSt |
| 005 - DATE AND TIME OF LATEST TRANSACTION |
| control field |
20180117090003.0 |
| 008 - FIXED-LENGTH DATA ELEMENTS--GENERAL INFORMATION |
| fixed length control field |
070215s2007 nyuab b 001 0 eng |
| 010 ## - LIBRARY OF CONGRESS CONTROL NUMBER |
| LC control number |
2007271322 |
| 015 ## - NATIONAL BIBLIOGRAPHY NUMBER |
| National bibliography number |
GBA742256 |
| Source |
bnb |
| 016 7# - NATIONAL BIBLIOGRAPHIC AGENCY CONTROL NUMBER |
| Record control number |
013749262 |
| Source |
Uk |
| 020 ## - INTERNATIONAL STANDARD BOOK NUMBER |
| International Standard Book Number |
9788126552344 (alk. paper) |
| 020 ## - INTERNATIONAL STANDARD BOOK NUMBER |
| International Standard Book Number |
0471794686 (alk. paper) |
| 029 1# - OTHER SYSTEM CONTROL NUMBER (OCLC) |
| OCLC library identifier |
YDXCP |
| System control number |
2478722 |
| 029 1# - OTHER SYSTEM CONTROL NUMBER (OCLC) |
| OCLC library identifier |
NZ1 |
| System control number |
11220940 |
| 029 1# - OTHER SYSTEM CONTROL NUMBER (OCLC) |
| OCLC library identifier |
NZ1 |
| System control number |
11190505 |
| 029 1# - OTHER SYSTEM CONTROL NUMBER (OCLC) |
| OCLC library identifier |
NLGGC |
| System control number |
304128163 |
| 029 1# - OTHER SYSTEM CONTROL NUMBER (OCLC) |
| OCLC library identifier |
AU@ |
| System control number |
000041324187 |
| 035 ## - SYSTEM CONTROL NUMBER |
| System control number |
(OCoLC)ocm82861470 |
| 035 ## - SYSTEM CONTROL NUMBER |
| System control number |
(OCoLC)82861470 |
| Canceled/invalid control number |
(OCoLC)82772226 |
| 035 ## - SYSTEM CONTROL NUMBER |
| System control number |
(NNC)6700122 |
| 040 ## - CATALOGING SOURCE |
| Original cataloging agency |
DLC |
| Transcribing agency |
DLC |
| Modifying agency |
SISMU |
| -- |
YDXCP |
| -- |
BAKER |
| -- |
BTCTA |
| -- |
UKM |
| -- |
NLGGC |
| -- |
OrLoB-B |
| 050 00 - LIBRARY OF CONGRESS CALL NUMBER |
| Classification number |
HF1411 |
| Item number |
.S239 2007 |
| 082 04 - DEWEY DECIMAL CLASSIFICATION NUMBER |
| Classification number |
337 |
| Edition number |
22 |
| 084 ## - OTHER CLASSIFICATION NUMBER |
| Classification number |
83.40 |
| Number source |
bcl |
| 100 1# - MAIN ENTRY--PERSONAL NAME |
| Personal name |
Salvatore, Dominick. |
| 245 10 - TITLE STATEMENT |
| Title |
International economics / trade and finance |
| Statement of responsibility, etc. |
Dominick Salvatore. |
| 250 ## - EDITION STATEMENT |
| Edition statement |
11th ed. |
| 260 ## - PUBLICATION, DISTRIBUTION, ETC. |
| Place of publication, distribution, etc. |
[New York] : |
| Name of publisher, distributor, etc. |
J. Wiley, |
| Date of publication, distribution, etc. |
c2014. |
| 300 ## - PHYSICAL DESCRIPTION |
| Extent |
xxvi, 757 p. : |
| Other physical details |
ill. (some col.), col. map ; |
| Dimensions |
25 cm. |
| 500 ## - GENERAL NOTE |
| General note |
Map on lining paper. |
| 504 ## - BIBLIOGRAPHY, ETC. NOTE |
| Bibliography, etc. note |
Includes bibliographical references and index. |
| 505 00 - FORMATTED CONTENTS NOTE |
| Miscellaneous information |
Ch. 1. |
| Title |
Introduction -- |
| Miscellaneous information |
Ch. 2. |
| Title |
The law of comparative advantage -- |
| Miscellaneous information |
Ch. 3. |
| Title |
The standard theory of international trade -- |
| Miscellaneous information |
Ch. 4. |
| Title |
Demand and supply, offer curves, and the terms of trade -- |
| Miscellaneous information |
Ch. 5. |
| Title |
Factor endowments and the Heckscher-Ohlin theory -- |
| Miscellaneous information |
Ch. 6. |
| Title |
Economies of scale, imperfect competition, and international trade -- |
| Miscellaneous information |
Ch. 7. |
| Title |
Economic growth and international trade -- |
| Miscellaneous information |
Ch. 8. |
| Title |
Trade restrictions : tariffs -- |
| Miscellaneous information |
Ch. 9. |
| Title |
Nontariff trade barriers and the new protectionism -- |
| Miscellaneous information |
Ch. 10. |
| Title |
Economic integration : customs unions and free trade areas -- |
| Miscellaneous information |
Ch. 11. |
| Title |
International trade and economic development -- |
| Miscellaneous information |
Ch. 12. |
| Title |
International resource movements and multinational corporations -- |
| Miscellaneous information |
Ch. 13. |
| Title |
Balance of payments -- |
| Miscellaneous information |
Ch. 14. |
| Title |
Foreign exchange markets and exchange rates -- |
| Miscellaneous information |
Ch. 15. |
| Title |
Exchange rate determination -- |
| Miscellaneous information |
Ch. 16. |
| Title |
The price adjustment mechanism with flexible and fixed exchange rates -- |
| Miscellaneous information |
Ch. 17. |
| Title |
The income adjustment mechanism and synthesis of automatic adjustments -- |
| Miscellaneous information |
Ch. 18. |
| Title |
Open-economy macroeconomics : adjustment policies -- |
| Miscellaneous information |
Ch. 19. |
| Title |
Prices and output in an open economy : aggregate demand and aggregate supply -- |
| Miscellaneous information |
Ch. 20. |
| Title |
Flexible versus fixed exchange rates, the European monetary system, and macroeconomic policy coordination -- |
| Miscellaneous information |
Ch. 21. |
| Title |
The international monetary system : past, present, and future. |
| 650 #0 - SUBJECT ADDED ENTRY--TOPICAL TERM |
| Topical term or geographic name entry element |
International economic relations. |
| 650 17 - SUBJECT ADDED ENTRY--TOPICAL TERM |
| Topical term or geographic name entry element |
Internationale economische betrekkingen. |
| Source of heading or term |
gtt |
| 856 42 - ELECTRONIC LOCATION AND ACCESS |
| Materials specified |
Publisher description |
| Uniform Resource Identifier |
<a href="http://www.loc.gov/catdir/enhancements/fy0814/2007271322-d.html">http://www.loc.gov/catdir/enhancements/fy0814/2007271322-d.html</a> |
| 856 41 - ELECTRONIC LOCATION AND ACCESS |
| Materials specified |
Table of contents only |
| Uniform Resource Identifier |
<a href="http://www.loc.gov/catdir/enhancements/fy0814/2007271322-t.html">http://www.loc.gov/catdir/enhancements/fy0814/2007271322-t.html</a> |
| 900 ## - EQUIVALENCE OR CROSS-REFERENCE-PERSONAL NAME [LOCAL, CANADA] |
| Numeration |
TOC |
| 942 ## - ADDED ENTRY ELEMENTS (KOHA) |
| Source of classification or shelving scheme |
|
| Koha item type |
Book |
| 948 1# - LOCAL PROCESSING INFORMATION (OCLC); SERIES PART DESIGNATOR (RLIN) |
| Series part designator, SPT (RLIN) |
20080616 |
| b (OCLC) |
c |
| c (OCLC) |
sds12 |
| d (OCLC) |
MPS |